AH International Schools' Libraries

The magic paintbrush / (Record no. 49254)

MARC details
000 -LEADER
fixed length control field 00297nam a2200109 4500
020 ## - INTERNATIONAL STANDARD BOOK NUMBER
International Standard Book Number 9780198332558
100 ## - MAIN ENTRY--PERSONAL NAME
Personal name Miles, Liz
9 (RLIN) 86516
245 ## - TITLE STATEMENT
Title The magic paintbrush /
Statement of responsibility, etc Liz Miles & Meilo So
260 ## - PUBLICATION, DISTRIBUTION, ETC. (IMPRINT)
Place of publication, distribution, etc UK
Name of publisher, distributor, etc Oxford University Press
Date of publication, distribution, etc 2014
300 ## - PHYSICAL DESCRIPTION
Extent 24 p.
Other physical details col. ill.
Dimensions 22 cm.
942 ## - ADDED ENTRY ELEMENTS (KOHA)
Source of classification or shelving scheme
Koha item type Book
Holdings
Withdrawn status Lost status Source of classification or shelving scheme Damaged status Not for loan Collection code Home library Current library Shelving location Date acquired Total Checkouts Full call number Barcode Date last seen Price effective from Koha item type Public note
          TEACHERS' RESOURCES Asian Hope Early Years Library Asian Hope Early Years Library Easy Reading 08/13/2025   E MIL 209246 08/13/2025 08/13/2025 Book YEAR 1 BOOK

For any Logos Library related questions please contact Miss Art at swongnarasuk@asianhope.org.

For any Asian Hope Library related questions please contact Miss Raza at graza@asianhope.org.

Click here to explore our ebooks!

Powered by Koha